000 03417nam a2200553Ia 4500
001 135
008 241029s9999 xx 000 0 und d
010 _a115
041 _aEspañol
082 _aISFODOSU TMLA 12-0009 BFEM EJ.1
245 0 _aEstrategias pedagógicas de enseñanza de lalectura y la escritura en el Primer y Segundo Grado del Nivel Básico en Centros Educativos del Distrito 15-01, Los Alcarrizos, 2011-2012
260 _aSanto Domingo
300 _a93
520 _a18
630 _aEnseñanza-Aprendizaje
630 _aEstrategia Docente
630 _aEvaluación
630 _aLectoescritura
650 _aLengua Española
690 _aElaborado
700 _easesor
_aEspinal,
700 _eautor
_aFigueroa García , Biviana
901 _a{"1":"Figueroa García "}
_b{"1":"Biviana"}
902 _a1
903 _a{"1":"Espinal"}
_b{"1":"Ã"lga"}
904 _aMagíster en
905 _aLingüística Aplicada
906 _a1
907 _aOrientada en
908 _aLingüística Aplicada a la Lengua Española
909 _aISFODOSU, Recinto Félix Evaristo Mejía
910 _aNULL
_bNULL
911 _a["1"]
912 _aNO APLICA
913 _aNULL
914 _a01 de Agosto de 2012
915 _a30/06/15 11:06
916 _aNULL
917 _aNULL
918 _aNO APLICA
919 _a["89","94","97","128"]
520 _aLos principales propósitos del estudio consistieron en descubrir las estrategias pedagógicas del proceso de enseñanza aprendizaje de la lectura y escritura en el Primer y Segundo Grado de Básica en centros educativos del Distrito 15-01, Los Alcarrizos, 2011-2012.  Determinar el nivel de formación de losdocentes que imparten docencia e identificar los tipos de textos que utilizanlos educadores para la enseñanza de la lectoescritura en el Primer y SegundoGrado de Básica en centros educativos del Distrito 15-01, Los Alcarrizos,2011-2012. Para el alcance de los objetivos el estudio empleó una metodología de corte cualitativo. Se trabajó con una población objeto de los docentes,  se fundamentó en el método inductivo y los instrumentos aplicados fueron la entrevista y  una guía. Entre los principales resultados de estudio se destaca que el 33% de los docentes conciben la escritura como la identificación de fonemas, vocales con sus sonidos hasta formar sílabas, palabras, frases, oraciones y párrafos.  Se encontró que la mayoría de los docentes no realizan la evaluación diagnóstica al inicio de la clase o al iniciar el trabajo con el nuevo contenido. El estudio concluye  con respecto a los criterios de evaluación de la lectura y escritura  en el Primer y Segundo Grado del Nivel Básico, que la mayoría de los docentes no utilizan a cabalidad los criterios de evaluación de la lectura y escritura que establece el currículo.El estudio recomienda que es necesario que los docentes continúen capacitándose sobre estrategias que favorezcan los aprendizajes de la lectoescritura en los primeros años del nivel básico y que reflexionen acerca de su propia práctica áulica donde se pongan de manifiesto las estrategias de pre-lectura, lectura y post-lectura para la enseñanza de la lectura y la escritura en los primeros grados del Nivel Básico.
921 _a16
922 _a16
923 _a0
924 _aNO APLICA
942 _cTesis
999 _c115
_d115